Partition of India (Record no. 350622)
[ view plain ]
| 000 -LEADER | |
|---|---|
| fixed length control field | 00948cam a2200325 a 4500 |
| 001 - CONTROL NUMBER | |
| control field | 1063953 |
| 003 - CONTROL NUMBER IDENTIFIER | |
| control field | OSt |
| 005 - DATE AND TIME OF LATEST TRANSACTION | |
| control field | 20180116183022.0 |
| 008 - FIXED-LENGTH DATA ELEMENTS--GENERAL INFORMATION | |
| fixed length control field | 920211c19901989ii af b 000 0deng c |
| 010 ## - LIBRARY OF CONGRESS CONTROL NUMBER | |
| LC control number | 91152928 |
| 020 ## - INTERNATIONAL STANDARD BOOK NUMBER | |
| International Standard Book Number | 8185370001 |
| 035 ## - SYSTEM CONTROL NUMBER | |
| System control number | (OCoLC)25364706 |
| 035 ## - SYSTEM CONTROL NUMBER | |
| System control number | (OCoLC)ocm25364706 |
| 035 ## - SYSTEM CONTROL NUMBER | |
| System control number | (CStRLIN)NYCG92-B9791 |
| 035 ## - SYSTEM CONTROL NUMBER | |
| System control number | (NNC)1063953 |
| 040 ## - CATALOGING SOURCE | |
| Original cataloging agency | CtY |
| Transcribing agency | CtY |
| Modifying agency | NNC |
| 043 ## - GEOGRAPHIC AREA CODE | |
| Geographic area code | a-ii--- |
| 050 14 - LIBRARY OF CONGRESS CALL NUMBER | |
| Classification number | DS480.842 |
| Item number | .S44 1989 |
| 082 ## - DEWEY DECIMAL CLASSIFICATION NUMBER | |
| Classification number | 954.0359 SEE 1989 |
| 090 ## - LOCALLY ASSIGNED LC-TYPE CALL NUMBER (OCLC); LOCAL CALL NUMBER (RLIN) | |
| Classification number (OCLC) (R) ; Classification number, CALL (RLIN) (NR) | DS480.842 |
| Local cutter number (OCLC) ; Book number/undivided call number, CALL (RLIN) | .S44 1989 |
| 100 1# - MAIN ENTRY--PERSONAL NAME | |
| Personal name | Seervai, H. M. |
| 245 10 - TITLE STATEMENT | |
| Title | Partition of India |
| Remainder of title | legend and Reality |
| Statement of responsibility, etc. | by H.M. Seervai. |
| 260 ## - PUBLICATION, DISTRIBUTION, ETC. | |
| Place of publication, distribution, etc. | Bombay : |
| Name of publisher, distributor, etc. | Emmenem Publications, |
| Date of publication, distribution, etc. | 1990, c1989. |
| 300 ## - PHYSICAL DESCRIPTION | |
| Extent | xxxvii, 237 p., [4] p. of plates : |
| Other physical details | ill. ; HB |
| Dimensions | 22 cm. |
| 440 ## - SERIES STATEMENT/ADDED ENTRY--TITLE | |
| Title | Partition of India |
| 504 ## - BIBLIOGRAPHY, ETC. NOTE | |
| Bibliography, etc. note | Includes bibliographical references. |
| 651 #0 - SUBJECT ADDED ENTRY--GEOGRAPHIC NAME | |
| Geographic name | India |
| General subdivision | History |
| Chronological subdivision | Partition, 1947. |
| 942 ## - ADDED ENTRY ELEMENTS (KOHA) | |
| Source of classification or shelving scheme | |
| Koha item type | Book |
| Withdrawn status | Lost status | Source of classification or shelving scheme | Damaged status | Not for loan | Collection code | Permanent Location | Current Location | Shelving location | Date acquired | Total Checkouts | Full call number | Barcode | Date last seen | Date last checked out | Price effective from | Koha item type |
|---|---|---|---|---|---|---|---|---|---|---|---|---|---|---|---|---|
| Central Library (CL) | Central Library (CL) | General Stacks | 11/25/2015 | 4 | 954.0359 SEE 1989 | NBSD-2189 | 11/07/2023 | 12/19/2021 | 11/25/2015 | Book |
